000 00785ngm a2200289 c 4500
003 BLK
005 20240529090711.0
008 180410b bul||n||s|||||||| n|bulo|
010 _aCDD00002169000
040 _aBLK
041 _aBUL
_cBUL
139 _aЛетящите египетски пирамиди [DVD]
_bЛ 51
245 1 0 _aЛетящите египетски пирамиди [DVD]
257 _aBGR
260 _c2006
380 _a7
490 _aТайни и загадки
_v2
590 _aS.N: 69379 от КНИГИ
852 _aЦб CD 4776
_p0
856 4 _qpdf
_u
856 4 _qpdf
_u
942 _cCDD
_n0
_s1
944 _aCR
_c10.11.2006
_k30545
_lНора Радева
944 _aED
_c29.06.2011
999 _c219753
_d219753
999 _d219753
999 _d219753